000 00641nam a2200217 i 4500
001 C2-0240224
003 PPAK
005 20180727202930.0
008 020718s1988 my a|||| ||||| | may d
040 _aPPAK
_beng
_cPPAK
_erda
082 0 4 _a959.5122
_223
090 0 0 _a959.5122
_bPAM
_dKK
245 0 0 _aPameran tokoh-tokoh Negeri Kedah Darulaman
264 1 _aAlor Setar, Kedah :
_bLembaga Muzium Negeri Kedah ,
_c1988
300 _a31 pages :
_billustrations ;
_c22 cm
336 _2rdacontent
_atext
337 _2rdamedia
_aunmediated
338 _2rdacarrier
_avolume
650 1 0 _aKedah - History - Pictorial works
942 _ddc
_cB
999 _c55446
_d55446